Guatemala 1982: hacia una nueva farsa electoral /

Gespeichert in:
Bibliographische Detailangaben
1. Verfasser: Pinzón, Lorenzo
Format: Text
Schlagworte:
Tags: Tag hinzufügen
Keine Tags, Fügen Sie den ersten Tag hinzu!

MARC

LEADER 00000 a a2200000 04500
001 17505
003
040
100 |a Pinzón, Lorenzo  
245 |a Guatemala 1982:   |b hacia una nueva farsa electoral /  |c Lorenzo Pinzón 
650 |a ELECCIONES  
650 |a POLITICA  
650 |a GUERRRA  
650 |a ECONOMIA  
650 |a GUATEMALA  
773 |g número 1; páginas 11-14  
999 |c 29974  |d 29974 
773 0 |0 42391  |9 4065  |a Agencia Latinoamericana de Información, ALAI  |d Quito, Ecuador: ALAI  |o 03832  |t ALAI:  |x 08275564 (Servicio mensual de información y documentación)